00313nam a2200121Ia 4500008004100000041000800041082001700049100001800066245002900084260003400113300003200147365001200179240624s9999 xx 000 0 und d aeng a658.4092 WIC aWICKENS PETER aENERGISE YOUR ENTERPRISE c1999aLondonbMacmillan Press axiii, : 218 : p. : cm. ; 24 cBPSb30